The 39 Clues Authors Quiz Stats

 Plays Quiz not verified by Sporcle

Score 0/10 Timer 10:00
0 Plays Today
ex. riordan % Correct
The Maze of BonesRick Riordan
97.6%
The Sword ThiefPeter Lerangis
64.3%
Beyond The GraveJude Watson
63.1%
One False NoteGordan Korman
61.9%
In Too DeepJude Watson
60.7%
Into The GauntletMargaret Peterson Haddix
60.7%
The Viper's NeatPeter Lerangis
56%
Storm WarningLinda Sue Park
52.4%
The Black CirclePatrick Carman
51.2%
The Emperor's CodeGordan Korman
47.6%

You're not logged in!

Compare scores with friends on all Sporcle quizzes.
OR
Log In

Show Comments

Extras

Top Quizzes Today


Score Distribution

Your Account Isn't Verified!

In order to create a playlist on Sporcle, you need to verify the email address you used during registration. Go to your Sporcle Settings to finish the process.

Report this User

Report this user for behavior that violates our Community Guidelines.

Details: